| 000 | 00458pab a2200169 454500 | ||
|---|---|---|---|
| 008 | 180718b2012 xxu||||| |||| 00| 0 eng d | ||
| 100 | _aHuffman, Brian J. | ||
| 245 | _aThe flight of the phoenix: Interpersonal aspects of project management | ||
| 260 | _c2012 | ||
| 300 | _ap.568-600. | ||
| 362 | _aAug | ||
| 650 | _aProject management | ||
| 700 | _aKilian, Claire McCarty | ||
| 773 | _aJournal of Management Education | ||
| 908 | _aN | ||
| 909 | _a97157 | ||
| 999 |
_c97157 _d97157 |
||